000 01384nam a22002777a 4500
001 9833
003 FISKH
005 20260303163515.0
008 260303b cb ||||| |||| 00| 0 eng d
020 _a033500984068
040 _aFISKH
_beng
_cFISKH
_dFISKH
050 _aPZ8 .L9755 .P
100 _aLundell , Margo
245 _aThe princess and the pea /
_cRetold by Margo Lundell : Illustrated by Nan Brooks
260 _aNew York :
_bA Golden Books ,
_c1994 .
300 _a24 unnumbered pages :
_bcolor illustrations ;
_c20 cm .
490 _aA Little Golden Book
505 _aN
520 _aThe story is a classic fairy tale about a prince who wants to marry a real princess, but he struggles to find one. One stormy night, a young woman claiming to be a princess seeks shelter at the prince’s castle. To test her royalty, the queen places a tiny pea under twenty mattresses and twenty feather beds. Despite the many layers, the princess feels the pea and cannot sleep. Her sensitivity proves she is a true princess. The prince and princess are happily united, and the tale highlights themes of kindness, honesty, and the unique qualities that make someone special.
521 8 _a590
_bLexile
521 8 _aN
_bRaz-Plus
650 _aPrincess
_vChildren's Books
700 _aBrooks , Nan
_eIllustrator
942 _2ddc
_cBK
_n0
999 _c9833
_d9833